MDQL
is popping MORE tags! Check the
thread
!
Quizzes
Events
Quiz Creation
Community
Videos
Private Events
Remove Ads
Sign In
Join for FREE
Feedback
Dark Mode
Quiz Categories
Sports
Geography
Music
Movies
Television
Just For Fun
Miscellaneous
History
Literature
Language
Science
Gaming
Entertainment
Religion
Holiday
For Kids
Quiz Lab
Recent
Popular Today
Quiz Kudos Today
Editor Picks
Curator Picks
Quizzes by...
Day
Popularity
Type
Ratings
Length
Year
Community
Subscriptions
Recent Discussions
Orange Saloon
Badges
Playlists
Quests
Create
Leaderboards
Showdown
Live 5
Trivia Bingo
Activity
Puzzle Library
Sporcle Events
Private Events
Virtual Trivia
Globe League
Become a Host
Pub Owners
SporcleCon
Opinionation
Our Games
Videos
Blog
Mobile Apps
Partnerships
Remove Ads and Go Orange
Feedback
Sports
Athletes
MLB
NBA
NHL
NFL
Soccer
Sports Teams
WWE
NCAA
Football
Premier League
Basketball
Baseball
Hockey
Golf
Tennis
Cricket
Rugby
Auto Racing
Olympics
World Cup
Sports
Athletes
MLB
NBA
NHL
NFL
Soccer
Sports Teams
WWE
NCAA
Football
Premier League
Basketball
Baseball
Hockey
Golf
Tennis
Cricket
Rugby
Auto Racing
Olympics
World Cup
Random Quiz
Search Sporcle
×
Quiz Lab
Quiz Lab
Sports
American League
Type in answers that appear in a list
Type in answers that appear in a list
Classic
Best Score? Go Orange.
AL Team K Leaders (1980s) Stats
Can you name the American League pitchers that led their team in strikeouts each season from 1980-1989?
By
ironsij0287
8m
140 Questions
423 Plays
423 Plays
423 Plays
Comments
Comments
Give Quiz Kudos
Give Quiz Kudos
-
- Ratings
hide this ad
Replay
Link that replays current quiz
Next Quiz
Link to next quiz in quiz playlist
You Got
0%
They Got
Avg Score
60%
Avg Friend Score
Upgrade to see
Score Distribution
Jump to the score distribution portion of the page
Score
0/140
Timer
08:00
0
Plays Today
Team
Pitcher
% Correct
Boston Red Sox
Roger Clemens
97.4%
Boston Red Sox
Roger Clemens
97.4%
Boston Red Sox
Roger Clemens
97.4%
Boston Red Sox
Roger Clemens
97.4%
Detroit Tigers
Jack Morris
94.3%
Detroit Tigers
Jack Morris
94.3%
Detroit Tigers
Jack Morris
94.3%
Detroit Tigers
Jack Morris
94.3%
Detroit Tigers
Jack Morris
94.3%
Detroit Tigers
Jack Morris
94.3%
Detroit Tigers
Jack Morris
94.3%
Detroit Tigers
Jack Morris
94.3%
Detroit Tigers
Jack Morris
94.3%
Kansas City Royals
Bret Saberhagen
93.9%
Kansas City Royals
Bret Saberhagen
93.9%
New York Yankees
Ron Guidry
93.9%
New York Yankees
Ron Guidry
93.9%
New York Yankees
Ron Guidry
93.9%
Oakland Athletics
Dave Stewart
92.9%
Oakland Athletics
Dave Stewart
92.9%
Toronto Blue Jays
Dave Stieb
92%
Toronto Blue Jays
Dave Stieb
92%
Toronto Blue Jays
Dave Stieb
92%
Toronto Blue Jays
Dave Stieb
92%
Toronto Blue Jays
Dave Stieb
92%
Toronto Blue Jays
Dave Stieb
92%
Minnesota Twins
Frank Viola
88.2%
Minnesota Twins
Frank Viola
88.2%
Minnesota Twins
Frank Viola
88.2%
Minnesota Twins
Frank Viola
88.2%
Minnesota Twins
Frank Viola
88.2%
Minnesota Twins
Frank Viola
88.2%
Seattle Mariners
Mark Langston
84.6%
Seattle Mariners
Mark Langston
84.6%
Seattle Mariners
Mark Langston
84.6%
Seattle Mariners
Mark Langston
84.6%
Texas Rangers
Nolan Ryan
83.2%
Cleveland Indians
Bert Blyleven
80.6%
Cleveland Indians
Bert Blyleven
80.6%
Minnesota Twins
Bert Blyleven
80.6%
Milwaukee Brewers
Teddy Higuera
75.2%
Milwaukee Brewers
Teddy Higuera
75.2%
Milwaukee Brewers
Teddy Higuera
75.2%
Milwaukee Brewers
Teddy Higuera
75.2%
Baltimore Orioles
Dennis Martinez
74.2%
Baltimore Orioles
Dennis Martinez
74.2%
Baltimore Orioles
Mike Boddicker
74%
Team
Pitcher
% Correct
Baltimore Orioles
Mike Boddicker
74%
Baltimore Orioles
Mike Boddicker
74%
Baltimore Orioles
Mike Boddicker
74%
Baltimore Orioles
Mike Boddicker
74%
Chicago White Sox
LaMarr Hoyt
73.5%
Kansas City Royals
Mark Gubicza
72.6%
Kansas City Royals
Mark Gubicza
72.6%
Kansas City Royals
Mark Gubicza
72.6%
California Angels
Mike Witt
72.1%
California Angels
Mike Witt
72.1%
California Angels
Mike Witt
72.1%
California Angels
Mike Witt
72.1%
California Angels
Mike Witt
72.1%
California Angels
Mike Witt
72.1%
Boston Red Sox
Dennis Eckersley
69%
Boston Red Sox
Bruce Hurst
69%
Milwaukee Brewers
Pete Vuckovich
68.6%
Milwaukee Brewers
Pete Vuckovich
68.6%
New York Yankees
Dave Righetti
67.1%
New York Yankees
Dave Righetti
67.1%
Texas Rangers
Charlie Hough
66.7%
Texas Rangers
Charlie Hough
66.7%
Texas Rangers
Charlie Hough
66.7%
Texas Rangers
Charlie Hough
66.7%
Texas Rangers
Charlie Hough
66.7%
Texas Rangers
Charlie Hough
66.7%
California Angels
Frank Tanana
65.7%
Detroit Tigers
Frank Tanana
65.7%
Baltimore Orioles
Steve Stone
65.2%
New York Yankees
Phil Niekro
64.1%
New York Yankees
Phil Niekro
64.1%
Kansas City Royals
Dennis Leonard
62.9%
Kansas City Royals
Dennis Leonard
62.9%
Oakland Athletics
Mike Moore
61.9%
Seattle Mariners
Mike Moore
61.9%
California Angels
Chuck Finley
59.6%
Oakland Athletics
Mike Norris
58.9%
Oakland Athletics
Mike Norris
58.9%
Baltimore Orioles
Storm Davis
57.9%
Cleveland Indians
Len Barker
54.4%
Cleveland Indians
Len Barker
54.4%
Cleveland Indians
Len Barker
54.4%
Milwaukee Brewers
Don Sutton
53.2%
Milwaukee Brewers
Don Sutton
53.2%
Toronto Blue Jays
Jim Clancy
52.2%
Toronto Blue Jays
Jim Clancy
52.2%
Chicago White Sox
Floyd Bannister
51.5%
Team
Pitcher
% Correct
Chicago White Sox
Floyd Bannister
51.5%
Chicago White Sox
Floyd Bannister
51.5%
Seattle Mariners
Floyd Bannister
51.5%
Seattle Mariners
Floyd Bannister
51.5%
Seattle Mariners
Floyd Bannister
51.5%
Oakland Athletics
Steve McCatty
47.5%
Cleveland Indians
Tom Candiotti
43.7%
Cleveland Indians
Tom Candiotti
43.7%
Chicago White Sox
Britt Burns
40.7%
Chicago White Sox
Britt Burns
40.7%
Cleveland Indians
Greg Swindell
38.1%
Kansas City Royals
Vida Blue
37.4%
Kansas City Royals
Paul Splittorff
36.4%
Kansas City Royals
Bud Black
36.4%
Chicago White Sox
Melido Perez
34.8%
Chicago White Sox
Melido Perez
34.8%
New York Yankees
Rick Rhoden
33.1%
Cleveland Indians
Rick Sutcliffe
32.9%
Boston Red Sox
John Tudor
31.9%
Boston Red Sox
John Tudor
31.9%
Milwaukee Brewers
Moose Haas
29.8%
Boston Red Sox
Bob Ojeda
29.3%
Milwaukee Brewers
Chris Bosio
27.7%
Minnesota Twins
Jerry Koosman
26%
New York Yankees
Andy Hawkins
21.7%
New York Yankees
John Candelaria
20.6%
Oakland Athletics
Chris Codiroli
18.7%
Toronto Blue Jays
Duane Ward
16.8%
Chicago White Sox
Jose DeLeon
16.5%
Texas Rangers
Jon Matlack
16.1%
California Angels
Bruce Kison
15.1%
California Angels
Bruce Kison
15.1%
Chicago White Sox
Joe Cowley
15.1%
Texas Rangers
Danny Darwin
14.2%
Oakland Athletics
Jose Rijo
13.9%
Toronto Blue Jays
Mark Eichhorn
13.7%
Seattle Mariners
Jim Beattie
12.8%
Baltimore Orioles
Bob Milacki
12.1%
Texas Rangers
Ed Correa
9.2%
Boston Red Sox
Mark Clear
9%
Seattle Mariners
Scott Bankhead
8.3%
Cleveland Indians
John Farrell
7.8%
Minnesota Twins
Pete Redfern
7.8%
Oakland Athletics
Ray Burris
5.7%
Minnesota Twins
Brad Havens
4.3%
Oakland Athletics
Tim Conroy
3.5%
Quiz Playlist
Details
Report
Send in Message
Add To Playlist
Classic:
Type in answers that appear in a list
Quiz Source
Last Updated: Feb 16, 2017
Quiz Scoreboard
CHALLENGE
Sign Up to Join the Scoreboard
Show All
Scores
Hide
Comments
May contain spoilers
Recently Published
1-10 Letter E Words III
by El_Dandy
Language
2m
Street Fighter Characters
by Artimus82
Gaming
60s
College Basketball Coaching Resumes
by pancakes188
Sports
9m
More to Explore
Quiz From the Vault
Featured Blog Post
Where Did the Easter Bunny Come From?
hide this ad
You Might Also Like...
Tags
1980
1980s
America
American League
League
Pitchers
season
team
Today's Top Quizzes in Sports
Browse Sports
hide this ad
Today's Top Quizzes in American League
Browse American League
Top Contributed Quizzes in Sports
1
2022 World Cup Stars
2
Les meilleurs buteurs des matchs entre le PSG et l’OM
3
FIFA Club World Cup Champions
4
Les entraîneurs de l'OM et du PSG au 21e siècle
5
Criteria MLB: Left Handed Sluggers
6
2023 MLB Unique Player Accomplishments
7
AFC Teams Reveal (Wrong Answers Minefield)
8
Players with Multiple 50 Home Run Seasons
9
5-to-1: FBS Animal Nicknames
10
5-to-1: UK Sports Teams
Explore More
Trending Topics
Marvel
NBA
Harry Potter
Kpop
Crossword
Disney
Anime
Soccer
Pokémon
Puzzle
The Office
NFL
WWE
Country
Song
hide this ad
More By:
ironsij0287
Quiz
Plays
Rating
Category
Featured
Created
Alphabetical US States
366,637
4.51
Geography
Sep 9, 2009
NBA Western Scoring Leaders (2000s)
315,067
4.60
Sports
Oct 3, 2010
MLB Home Run Leaders (1990s)
260,144
4.51
Sports
Aug 26, 2009
Beers of the World
255,903
4.10
Miscellaneous
Aug 4, 2009
NBA Eastern Scoring Leaders (2000s)
203,049
4.52
Sports
Oct 3, 2010
Go to Creator's Profile
Score Distribution
Quiz Creator Spotlight
ironsij0287
Follow
Send a Message
Quizzes Created
-
Created Quiz Play Count
-
More By This Creator
Popular Quizzes Today
1
Find the US States - No Outlines Minefield
2
Find the Countries of Europe - No Outlines Minefield
3
The Countries of the World
4
Find the US States
5
Risky Map Clicking: Biggest States A-Z
6
US States
7
Popular People in 1961
8
Movies - When Are They Set?
More Sports Quizzes
Rugby World Cup 2019 - What did I do?
Quiz Lab
Trending Quizzes
Risky Map Clicking: Least Populous States A-Z
Billboard Blitz: Aretha Franklin
1-10 Letter G Words
Countries of the World: 200 Million BC
1-10 Letter F Words
Recently Updated
Leaping Animals
pecheneg
Reality TV Shows (A-Z)
bhenderson79
Rickey Henderson's Hall of Fame Teammates
pecheneg
Champions League XIs: Arsenal
pecheneg
Quick Pick: Celebrities in WWE's Hall of Fame
aduchscher
A-Z Keypad Blitz II
pecheneg
Multiple Oscar Actors
pecheneg
Mystery Phrase Blitz: Oscar 'Best Actors'
pecheneg
F. Scott Fitzgerald Novels
LTH
Pick 3 Villains
ddd62291
Trending Topics
NBA
Kpop
Anime
Disney
Crossword
Marvel
Harry Potter
Country
Pokémon
The Office
WWE
Song
Soccer
NFL
Puzzle
Your Account Isn't Verified!
In order to create a playlist on Sporcle, you need to verify the email address you used during registration. Go to your
Sporcle Settings
to finish the process.
Report this User
Report this user for behavior that violates our
Community Guidelines
.
Details:
Send Report
Go to the Sporcle.com Mobile Site →
Comments